Misspelled States Sudden Death - Statistics

General Stats
  • This quiz has been taken 90 times
  • The average score is 10 of 12
Answers on the Grid
Answers color-coded by a green-red scale on the quiz's grid according to % correct below.
Michigan
Misssisippi
Wiskonsin
Calafornia
Minnesota
New York
Missori
Georgia
Tenesse
Ohio
New Jearsy
Kentucky
Massachusetts
New Hampshere
Pennsylvania
Hawaii
Illinos
Florada
Alibama
Iowa
Idho
Washington
Oragon
Wyoming
Colarado
 
Answer Stats
Answer % Correct
Michigan
94%
New York
88%
Ohio
81%
Hawaii
80%
Iowa
80%
Kentucky
80%
Georgia
78%
Minnesota
78%
Washington
78%
Wyoming
75%
Pennsylvania
72%
Massachusetts
69%
No matching quizzes found
Score Distribution
Percent of People with Each Score
Percentile by Number Answered
Your Score History
You have not taken this quiz